000 00332nam a22001457a 4500
008 210429b ||||| |||| 00| 0 eng d
020 _a9780138893958
041 _aeng
080 _25th
_a338
082 _a338
100 _a53
101 _aMEN
245 _aIntroductory Management Science
_cJeffrey H. Moore
942 _2udc
_cBK
999 _c56993
_d56993